000 00308nam a22001217a 4500
041 _aENG
100 _a621.878 / 879.0014
245 _aEarth - Moving Machinery - Definitions Of Dimensions And Symbols
260 _aNew Delhi
_bBIS
_c1993
300 _a10
650 _aBIS Test Code
856 _uBIS Test Code
999 _c2010
_d2010